Angel-makers:a study in the psychological origins of historical change 1750-1850 (Record no. 416228)

000 -LEADER
fixed length control field 00511cam a22001217a 4500
008 - FIXED-LENGTH DATA ELEMENTS--GENERAL INFORMATION
fixed length control field 180718b1958 xxu||||| |||| 00| 0 eng d
082 ## - DEWEY DECIMAL CLASSIFICATION NUMBER
Classification number AA77x 42 T214
100 ## - MAIN ENTRY--PERSONAL NAME
Personal name Taylor, Gorden Rattray
245 ## - TITLE STATEMENT
Title Angel-makers:a study in the psychological origins of historical change 1750-1850
Statement of responsibility, etc. by Gorden Rattray Taylor
260 ## - PUBLICATION, DISTRIBUTION, ETC.
Place of publication, distribution, etc. London
Name of publisher, distributor, etc. Heinemann
Date of publication, distribution, etc. 1958
300 ## - PHYSICAL DESCRIPTION
Extent xviii,388p
650 ## - SUBJECT ADDED ENTRY--TOPICAL TERM
Topical term or geographic name entry element History -Philosophy.Great Britain -Social life and customs -18th century.Great Britain -Social life and customs -19th century.
Holdings
Withdrawn status Lost status Damaged status Not for loan Permanent Location Current Location Date acquired Full call number Barcode Date last seen Price effective from Koha item type
        Indian Institute of Public Administration Indian Institute of Public Administration 2009-03-13 AA77x 42 T214 11786 2018-07-21 2018-07-21 Book

Powered by Koha